Invitación a meditar sobre el futuro de Costa Rica. Discurso inaugural del Lic. Daniel Oduber Quirós, Presidente de la República

Shranjeno v:
Bibliografske podrobnosti
Glavni avtor: Oduber Quirós, Daniel
Format: Texto
Izdano: San José: OFIPLAN
Oznake: Označite
Brez oznak, prvi označite!

MARC

LEADER 00000 a a2200000 04500
001 17068
003
040
090 |a 008000  
100 |a Oduber Quirós, Daniel  
245 |a Invitación a meditar sobre el futuro de Costa Rica. Discurso inaugural del Lic. Daniel Oduber Quirós, Presidente de la República  
260 |a San José:   |b OFIPLAN  
300 |a 5 p.  
999 |c 15122  |d 15122